[Event "FICGS rapid E 000040 email"]
[Site "FICGS email"]
[Date "2010.12.03"]
[Round "1"]
[White "Trigiani, Vincenzo"]
[Black "Melquiades, Jaime I"]
[Result "0-1"]
[WhiteElo "622"]
[BlackElo "980"]
[PlyCount "24"]
[EventDate "2010.??.??"]
[EventType "tourn (rapid)"]
[EventRounds "5"]
[SourceTitle "Corr 2013"]
[Source "ChessBase"]
[SourceDate "2012.11.12"]
[SourceVersion "1"]
[SourceVersionDate "2012.11.12"]
[SourceQuality "1"]

1. d4 d5 2. Nc3 e6 3. Bf4 Bb4 4. e3 Nc6 5. a3 Bxc3+ 6. bxc3 Nf6 7. Nf3 h6 8. Bd3 g5 9. Bg3 Bd7 10. Bb5 Ne4 11. 0-0 a6 12. Ba4 b5 0-1

[Event "FICGS rapid E 000039 email"]
[Site "FICGS email"]
[Date "2010.11.25"]
[Round "1"]
[White "Kehayov, Yulian"]
[Black "Trigiani, Vincenzo"]
[Result "1-0"]
[WhiteElo "1086"]
[BlackElo "622"]
[PlyCount "29"]
[EventDate "2010.??.??"]
[EventType "tourn (rapid)"]
[EventRounds "6"]
[SourceTitle "Corr 2013"]
[Source "ChessBase"]
[SourceDate "2012.11.12"]
[SourceVersion "1"]
[SourceVersionDate "2012.11.12"]
[SourceQuality "1"]

1. d4 d5 2. Nc3 e6 3. e4 Nf6 4. exd5 exd5 5. Nf3 Nc6 6. Be2 Qd6 7. 0-0 Qe6 8. Nb1 Ne4 9. Nbd2 Bd6 10. Nxe4 Qxe4 11. Qd3 Qe6 12. Qe3 0-0 13. b3 Qf6 14. c4 dxc4 15. bxc4 1-0

[Event "FICGS rapid E 000039 email"]
[Site "FICGS email"]
[Date "2010.11.25"]
[Round "1"]
[White "Quanter, Kirsty"]
[Black "Trigiani, Vincenzo"]
[Result "1-0"]
[WhiteElo "1106"]
[BlackElo "622"]
[PlyCount "35"]
[EventDate "2010.??.??"]
[EventType "tourn (rapid)"]
[EventRounds "6"]
[SourceTitle "Corr 2013"]
[Source "ChessBase"]
[SourceDate "2012.11.12"]
[SourceVersion "1"]
[SourceVersionDate "2012.11.12"]
[SourceQuality "1"]

1. e4 e5 2. Nf3 Nf6 3. d4 d6 4. dxe5 dxe5 5. Qxd8+ Kxd8 6. Nxe5 Bc5 7. Nxf7+ Kd7 8. Nxh8 Nxe4 9. Bc4 Nc6 10. f3 Ng5 11. Bxg5 Kd6 12. Nf7+ Kd7 13. Nc3 Ke8 14. 0-0-0 Bf5 15. Rhe1+ Kf8 16. Rd5 Bb4 17. Rxf5 Re8 18. Nh8# 1-0

[Event "FICGS rapid E 000034 email"]
[Site "FICGS email"]
[Date "2010.08.28"]
[Round "1"]
[White "Kehayov, Yulian"]
[Black "Trigiani, Vincenzo"]
[Result "1-0"]
[WhiteElo "1200"]
[BlackElo "665"]
[PlyCount "39"]
[EventDate "2010.??.??"]
[EventType "tourn (rapid)"]
[EventRounds "6"]
[SourceTitle "Corr 2013"]
[Source "ChessBase"]
[SourceDate "2012.11.12"]
[SourceVersion "1"]
[SourceVersionDate "2012.11.12"]
[SourceQuality "1"]

1. e4 e5 2. d4 exd4 3. Qxd4 Bd6 4. Qxg7 Be5 5. Qxe5+ Kf8 6. Qxh8 Ke7 7. Qxh7 Nf6 8. Qh4 Nc6 9. Bd3 Ne5 10. Bg5 Ng6 11. Bxf6+ Kf8 12. Bxd8 Nxh4 13. Bxh4 d6 14. Nf3 Be6 15. 0-0 Ke8 16. Nc3 d5 17. exd5 Bg4 18. Be4 c6 19. dxc6 bxc6 20. Rae1 1-0

[Event "FICGS rapid E 000034 email"]
[Site "FICGS email"]
[Date "2010.08.28"]
[Round "1"]
[White "Trigiani, Vincenzo"]
[Black "Neil, Charles"]
[Result "0-1"]
[WhiteElo "665"]
[BlackElo "1087"]
[PlyCount "38"]
[EventDate "2010.??.??"]
[EventType "tourn (rapid)"]
[EventRounds "6"]
[SourceTitle "Corr 2013"]
[Source "ChessBase"]
[SourceDate "2012.11.12"]
[SourceVersion "1"]
[SourceVersionDate "2012.11.12"]
[SourceQuality "1"]

1. d4 Nf6 2. Bf4 d5 3. Nc3 c6 4. e3 Bf5 5. Qe2 h6 6. Nf3 Nbd7 7. Qd2 Ng4 8. Be2 e6 9. 0-0 Be7 10. h3 Ngf6 11. e4 dxe4 12. Nh4 Bh7 13. Qe3 Nd5 14. Bg3 Nxe3 15. fxe3 Bxh4 16. Bxh4 Qxh4 17. Bd3 exd3 18. cxd3 Bxd3 19. Rfd1 0-0 0-1

[Event "FICGS rapid E 000030 email"]
[Site "FICGS email"]
[Date "2010.07.01"]
[Round "1"]
[White "Quanter, Kirsty"]
[Black "Trigiani, Vincenzo"]
[Result "1-0"]
[WhiteElo "1067"]
[BlackElo "734"]
[PlyCount "41"]
[EventDate "2010.??.??"]
[EventType "tourn (rapid)"]
[EventRounds "6"]
[SourceTitle "Corr 2013"]
[Source "ChessBase"]
[SourceDate "2012.11.12"]
[SourceVersion "1"]
[SourceVersionDate "2012.11.12"]
[SourceQuality "1"]

1. e4 e5 2. Nf3 Bc5 3. Nxe5 Nf6 4. f3 d6 5. Nd3 Nc6 6. Nxc5 Be6 7. Nxe6 Qe7 8. Nf4 0-0 9. d3 b6 10. b3 d5 11. Be2 dxe4 12. fxe4 Rad8 13. Ba3 a5 14. Bxe7 Nxe7 15. 0-0 Rd4 16. Na3 Nc6 17. Nb5 Rb4 18. Nxc7 Nd4 19. a3 Nxb3 20. cxb3 Rxb3 21. Qxb3 1-0

[Event "FICGS rapid E 000030 email"]
[Site "FICGS email"]
[Date "2010.07.01"]
[Round "1"]
[White "Trigiani, Vincenzo"]
[Black "Neil, Charles"]
[Result "0-1"]
[WhiteElo "734"]
[BlackElo "1193"]
[PlyCount "28"]
[EventDate "2010.??.??"]
[EventType "tourn (rapid)"]
[EventRounds "6"]
[SourceTitle "Corr 2013"]
[Source "ChessBase"]
[SourceDate "2012.11.12"]
[SourceVersion "1"]
[SourceVersionDate "2012.11.12"]
[SourceQuality "1"]

1. d4 Nf6 2. Nc3 d5 3. Bf4 e6 4. Nb5 e5 5. Bxe5 Bd6 6. Nf3 Bxe5 7. Nxe5 c6 8. Nc3 0-0 9. e3 Nbd7 10. Bd3 Qc7 11. 0-0 Nxe5 12. Qd2 Nxd3 13. Qxd3 Ng4 14. b3 Qxh2# 0-1

[Event "FICGS rapid E 000024 email"]
[Site "FICGS email"]
[Date "2010.02.23"]
[Round "1"]
[White "Quanter, Kirsty"]
[Black "Trigiani, Vincenzo"]
[Result "1-0"]
[WhiteElo "1188"]
[BlackElo "764"]
[PlyCount "39"]
[EventDate "2010.??.??"]
[EventType "tourn (rapid)"]
[EventRounds "6"]
[SourceTitle "Corr 2013"]
[Source "ChessBase"]
[SourceDate "2012.11.12"]
[SourceVersion "1"]
[SourceVersionDate "2012.11.12"]
[SourceQuality "1"]

1. e4 e5 2. Nf3 Bc5 3. c3 Nf6 4. d4 exd4 5. cxd4 Bb6 6. e5 Nc6 7. exf6 Qxf6 8. Be2 d5 9. Be3 Bf5 10. Nc3 0-0-0 11. Bg5 Qg6 12. Bxd8 Kxd8 13. 0-0 Bxd4 14. Nxd4 Nxd4 15. Qxd4 Kc8 16. Qxa7 d4 17. Qa8+ Kd7 18. Qxh8 Qf6 19. Rfd1 Qb6 20. Qxg7 1-0

[Event "FICGS class G 000035 email"]
[Site "FICGS email"]
[Date "2009.11.25"]
[Round "1"]
[White "Trigiani, Vincenzo"]
[Black "Melquiades, Jay"]
[Result "0-1"]
[WhiteElo "764"]
[BlackElo "837"]
[PlyCount "54"]
[EventDate "2009.??.??"]
[EventType "tourn (corr)"]
[EventRounds "4"]
[SourceTitle "Corr 2022"]
[Source "ChessBase"]
[SourceDate "2021.10.24"]
[SourceVersion "1"]
[SourceVersionDate "2021.10.24"]
[SourceQuality "1"]

1. d4 d5 2. Bf4 c6 3. Nc3 e5 4. e3 Bb4 5. Bxe5 Bxc3+ 6. bxc3 f6 7. Bd3 fxe5 8. dxe5 Ne7 9. c4 Bf5 10. Bxf5 Nxf5 11. Nf3 Qa5+ 12. Kf1 Nd7 13. g3 0-0-0 14. cxd5 Rhf8 15. dxc6 bxc6 16. Kg2 Nxe5 17. Re1 Rxd1 18. Rexd1 Nxf3 19. Kxf3 Nd4+ 20. Kg2 Nf3 21. e4 Qb6 22. Rd6 Nh4+ 23. Kh3 Nf3 24. a4 Qxf2 25. Rxc6+ Kb7 26. Rd6 Qxh2+ 27. Kg4 h5# 0-1

[Event "FICGS rapid E 000019 email"]
[Site "FICGS email"]
[Date "2009.08.29"]
[Round "1"]
[White "Belaz, Egidio"]
[Black "Trigiani, Vincenzo"]
[Result "1-0"]
[WhiteElo "1150"]
[BlackElo "808"]
[PlyCount "39"]
[EventDate "2009.??.??"]
[EventType "tourn (rapid)"]
[EventRounds "6"]
[SourceTitle "Corr 2022"]
[Source "ChessBase"]
[SourceDate "2021.10.24"]
[SourceVersion "1"]
[SourceVersionDate "2021.10.24"]
[SourceQuality "1"]

1. e4 e5 2. f4 d6 3. Nf3 Nc6 4. Bc4 Nf6 5. 0-0 Nxe4 6. fxe5 Nxe5 7. Qe2 Nxc4 8. Qxe4+ Be7 9. d3 Na5 10. Bg5 0-0 11. Bxe7 Qd7 12. Bxf8 Kxf8 13. Nc3 Qe8 14. Qxh7 Be6 15. Rae1 Ke7 16. Qxg7 Nc6 17. Nd5+ Kd7 18. Nf6+ Ke7 19. Nxe8 Kxe8 20. Qg8+ 1-0

[Event "FICGS rapid E 000019 email"]
[Site "FICGS email"]
[Date "2009.08.29"]
[Round "1"]
[White "Trigiani, Vincenzo"]
[Black "Neil, Charles"]
[Result "0-1"]
[WhiteElo "808"]
[BlackElo "1102"]
[PlyCount "32"]
[EventDate "2009.??.??"]
[EventType "tourn (rapid)"]
[EventRounds "6"]
[SourceTitle "Corr 2022"]
[Source "ChessBase"]
[SourceDate "2021.10.24"]
[SourceVersion "1"]
[SourceVersionDate "2021.10.24"]
[SourceQuality "1"]

1. d4 Nf6 2. Bf4 d5 3. Nc3 Bf5 4. Nb5 Na6 5. e3 c6 6. Bd3 Qa5+ 7. c3 Bxd3 8. Qxd3 Qxb5 9. Qf5 e6 10. Nf3 exf5 11. Kd1 Ne4 12. Re1 Nxf2+ 13. Kc1 Nd3+ 14. Kd2 Nxb2 15. Rab1 Qd3+ 16. Kc1 Qxc3# 0-1

[Event "FICGS class G 000034 email"]
[Site "FICGS email"]
[Date "2009.08.19"]
[Round "1"]
[White "Harper, Dave"]
[Black "Trigiani, Vincenzo"]
[Result "1-0"]
[WhiteElo "1154"]
[BlackElo "808"]
[PlyCount "53"]
[EventDate "2009.??.??"]
[EventType "tourn (corr)"]
[EventRounds "4"]
[SourceTitle "Corr 2022"]
[Source "ChessBase"]
[SourceDate "2021.10.24"]
[SourceVersion "1"]
[SourceVersionDate "2021.10.24"]
[SourceQuality "1"]

1. e4 e5 2. Nf3 Nf6 3. Nc3 Nc6 4. Bb5 Bc5 5. 0-0 Ng4 6. d3 d6 7. Be3 Nxe3 8. fxe3 Bxe3+ 9. Kh1 Bd7 10. Qe2 Bf4 11. Nd5 0-0 12. Nxf4 Bg4 13. Bxc6 bxc6 14. Nh3 a5 15. Nf2 Qf6 16. Nxg4 c5 17. Nxf6+ gxf6 18. Nh4 a4 19. Qg4+ Kh8 20. Rxf6 a3 21. b3 Rae8 22. Raf1 d5 23. R1f5 dxe4 24. dxe4 Rd8 25. h3 Rd2 26. Rxf7 Rxc2 27. Rxf8# 1-0

[Event "FICGS class G 000034 email"]
[Site "FICGS email"]
[Date "2009.08.19"]
[Round "1"]
[White "Neil, Charles"]
[Black "Trigiani, Vincenzo"]
[Result "1-0"]
[WhiteElo "1102"]
[BlackElo "808"]
[PlyCount "51"]
[EventDate "2009.??.??"]
[EventType "tourn (corr)"]
[EventRounds "4"]
[SourceTitle "Corr 2022"]
[Source "ChessBase"]
[SourceDate "2021.10.24"]
[SourceVersion "1"]
[SourceVersionDate "2021.10.24"]
[SourceQuality "1"]

1. e4 e5 2. Nf3 Nf6 3. d4 Nc6 4. Nc3 exd4 5. Nxd4 Bc5 6. Nf5 d6 7. Bc4 0-0 8. 0-0 Qe8 9. Re1 Na5 10. Bd3 Qe5 11. Bg5 Ng4 12. Qxg4 Bd4 13. Bf6 Qxf6 14. Nd5 Qe5 15. c3 Bc5 16. Nde7+ Kh8 17. Kh1 g6 18. Nd5 Qe6 19. Nxc7 gxf5 20. Nxe6 fxe6 21. exf5 exf5 22. Bxf5 Bxf5 23. Qh5 Nc4 24. Re7 Be4 25. Re1 Bd5 26. Qxh7# 1-0

[Event "FICGS class G 000032 email"]
[Site "FICGS email"]
[Date "2009.07.03"]
[Round "1"]
[White "Neil, Charles"]
[Black "Trigiani, Vincenzo"]
[Result "1-0"]
[WhiteElo "1102"]
[BlackElo "808"]
[PlyCount "55"]
[EventDate "2009.??.??"]
[EventType "tourn (corr)"]
[EventRounds "4"]
[SourceTitle "Corr 2022"]
[Source "ChessBase"]
[SourceDate "2021.10.24"]
[SourceVersion "1"]
[SourceVersionDate "2021.10.24"]
[SourceQuality "1"]

1. e4 e5 2. Nf3 Bc5 3. Nxe5 Nf6 4. Bc4 Nxe4 5. Bxf7+ Ke7 6. d4 d6 7. dxc5 dxe5 8. 0-0 Kxf7 9. Qxd8 Rxd8 10. Be3 Bg4 11. f3 Bh5 12. fxe4+ Ke8 13. Nc3 Nc6 14. Nd5 Be2 15. Nxc7+ Kd7 16. Rf7+ Ne7 17. Bg5 Rac8 18. Rxe7+ Kc6 19. Nd5 h6 20. Be3 g5 21. a4 b6 22. Rxe5 bxc5 23. Ne7+ Kb7 24. Nxc8 Rxc8 25. Rxc5 Rf8 26. Re1 Ba6 27. Ra5 h5 28. Rxg5 1-0

[Event "FICGS class F 000078 email"]
[Site "FICGS email"]
[Date "2009.07.03"]
[Round "1"]
[White "Trigiani, Vincenzo"]
[Black "Benreguia, Frederic"]
[Result "0-1"]
[WhiteElo "808"]
[BlackElo "1074"]
[PlyCount "46"]
[EventDate "2009.??.??"]
[EventType "tourn (corr)"]
[EventRounds "5"]
[SourceTitle "Corr 2022"]
[Source "ChessBase"]
[SourceDate "2021.10.24"]
[SourceVersion "1"]
[SourceVersionDate "2021.10.24"]
[SourceQuality "1"]

1. d4 d5 2. Nc3 e6 3. Bf4 Nf6 4. Nb5 Be7 5. Nxc7+ Kf8 6. Nxa8 Bd6 7. Be3 Bd7 8. Bd2 Nc6 9. e3 Qxa8 10. Qe2 a5 11. Qb5 Nb4 12. Qb6 Be7 13. Nf3 Bc6 14. Ne5 Nxc2+ 15. Kd1 Nxa1 16. Qxa5 Qb8 17. Qb6 Qc8 18. Be2 Ne4 19. Bf3 f6 20. Ba5 Nxf2+ 21. Ke1 Nxh1 22. Qb4 Nc2+ 23. Kd1 Nxb4 0-1

[Event "FICGS class G 000030 email"]
[Site "FICGS email"]
[Date "2009.04.18"]
[Round "1"]
[White "Belaz, Egidio"]
[Black "Trigiani, Vincenzo"]
[Result "1-0"]
[WhiteElo "1189"]
[BlackElo "1068"]
[PlyCount "59"]
[EventDate "2009.??.??"]
[EventType "tourn (corr)"]
[EventRounds "4"]
[SourceTitle "Corr 2022"]
[Source "ChessBase"]
[SourceDate "2021.10.24"]
[SourceVersion "1"]
[SourceVersionDate "2021.10.24"]
[SourceQuality "1"]

1. e4 e5 2. f4 exf4 3. Nf3 Bc5 4. d4 Bb6 5. Bxf4 Nc6 6. Bc4 Bxd4 7. Nxd4 d6 8. Bb5 Qh4+ 9. Bg3 Qxe4+ 10. Be2 Qxd4 11. Qc1 Nf6 12. c3 Qe4 13. 0-0 Qxe2 14. Re1 Qe4 15. Rxe4+ Be6 16. Re1 0-0 17. Nd2 b5 18. b3 Bd5 19. c4 bxc4 20. bxc4 Be6 21. c5 dxc5 22. Qxc5 a6 23. Qxc6 Bd5 24. Qxc7 a5 25. Nc4 Bxc4 26. Qxc4 Rfd8 27. Bh4 g5 28. Bxg5 h6 29. Bxf6 a4 30. Qg4+ 1-0

[Event "FICGS rapid E 000014 email"]
[Site "FICGS email"]
[Date "2009.04.04"]
[Round "1"]
[White "Trigiani, Vincenzo"]
[Black "Pipac, Darko"]
[Result "0-1"]
[WhiteElo "1068"]
[BlackElo "1228"]
[PlyCount "28"]
[EventDate "2009.??.??"]
[EventType "tourn (rapid)"]
[EventRounds "6"]
[SourceTitle "Corr 2022"]
[Source "ChessBase"]
[SourceDate "2021.10.24"]
[SourceVersion "1"]
[SourceVersionDate "2021.10.24"]
[SourceQuality "1"]

1. d4 d5 2. Bf4 Nf6 3. Nc3 Nc6 4. Nb5 e5 5. Bg3 a6 6. dxe5 Nd7 7. e6 axb5 8. exd7+ Qxd7 9. Nf3 d4 10. e4 Bb4+ 11. Nd2 0-0 12. Bxb5 Re8 13. 0-0 Bxd2 14. Qxd2 b6 0-1